000
00248nam a2200085Ia 4500
245
0
_a
Adult development and ageing
100
_a
Louw, Dap [Bloemfontein, South Africa], 2009
_9
76765
942
_c
BK
008
210817s9999 xx 000 0 und d
999
_c
260353
_d
260352